Statistiche per Stemmi Squadre di calcio - UEFA - Quiz n°26

Clicka qui per fare il quiz!

Statistiche generali

  • Questo quiz è stato fatto 43 volte
  • Il punteggio medio è 8 su 10

Statistiche sulle risposte

Risposta% Corretto
Aberdeen Football Club
100%
Crystal Palace Football Club
100%
Hull City Association Football Club
100%
Unione Sportiva Livorno 1915
100%
Delfino Pescara 1936
95%
Manchester United Football Club
95%
1. Fußball-Club Nürnberg Verein für Leibesübungen
69%
Stade Brestois 29
59%
Deutscher Sportclub Arminia Bielefeld
44%
Idrottsföreningen Kamraterna Göteborg
33%

Distribuzione punteggi

Percentile per numero di risposta

Percentuale di utenti per punteggio

I tuoi punteggi nel tempo

Non hai fatto questo quiz